| 000 | 02062cam a22004217i 4500 | ||
|---|---|---|---|
| 001 | 22670466 | ||
| 005 | 20250820143555.0 | ||
| 008 | 220628s2019 maua 001 0 eng d | ||
| 010 | _a 2022302145 | ||
| 020 |
_a9781319058524 _qspiral bound paperback |
||
| 020 |
_a1319058523 _qspiral bound paperback |
||
| 035 | _a(OCoLC)1032581182 | ||
| 040 |
_aYDX _beng _cYDX _erda _dOCLCQ _dOEM _dOCLCF _dYDXIT _dOCL _dOCLCO _dDLC _dNSHS |
||
| 042 | _alccopycat | ||
| 050 | 0 | 0 |
_aT11 _b.B78 2019 |
| 082 | 0 | 4 |
_a808.0666 _bALR |
| 100 | 1 |
_aAlred, Gerald J., _eauthor. _9102607 |
|
| 245 | 1 | 0 |
_aHandbook of technical writing / _cGerald J. Alred, Charles T. Brusaw, Walter E. Oliu. |
| 250 | _aTwelfth edition. | ||
| 264 | 1 |
_aBoston : _bBedford/St. Martin's Macmillan Learning, _c2020 |
|
| 300 |
_axxvi, 612 pages : _billustrations ; _c21 cm |
||
| 336 |
_atext _btxt _2rdacontent |
||
| 337 |
_aunmediated _bn _2rdamedia |
||
| 338 |
_avolume _bnc _2rdacarrier |
||
| 500 | _aIncludes index. | ||
| 520 | _a"From abstracts to online professional profiles, from blogs and forums to formal reports and manuals, the Handbook of Technical Writing uses smart, accessible language to spotlight and clarify technical writing today. Hundreds of topic entries, 90+ sample documents, at-a-glance checklists, and clear, explicit models, communicate the real-world practices of successful technical writers"--Amazon.com. | ||
| 546 | _aIn English | ||
| 650 | 0 |
_aTechnical writing _vHandbooks, manuals, etc. _97402 |
|
| 650 | 6 |
_aRédaction technique _vGuides, manuels, etc. _9130356 |
|
| 650 | 7 |
_aTechnical writing. _2fast _0(OCoLC)fst01144965 |
|
| 655 | 7 |
_aHandbooks and manuals. _2fast _0(OCoLC)fst01423877 _9280 |
|
| 700 | 1 |
_aBrusaw, Charles T., _eauthor. _9102608 |
|
| 700 | 1 |
_aOliu, Walter E., _eauthor. _9102609 |
|
| 906 |
_a7 _bcbc _ccopycat _d2 _encip _f20 _gy-gencatlg |
||
| 942 |
_2ddc _cBK |
||
| 999 |
_c614538 _d614538 |
||